|
|
|
|
| LEADER |
00000naa2a2200000 4500 |
| 001 |
248443 |
| 005 |
20231225140027.0 |
| 035 |
|
|
|a (RuTPU)RU\TPU\book\270244
|
| 090 |
|
|
|a 248443
|
| 100 |
|
|
|a 20140122d2012 k y0rusy50 ca
|
| 101 |
0 |
|
|a rus
|
| 102 |
|
|
|a RU
|
| 200 |
1 |
|
|a Современные образовательные возможности и инновационные педагогические технологии формирования профессионала
|f Т. В. Буланова, В. А. Стародубцев, О. Б. Шамина
|
| 320 |
|
|
|a Библиогр.: с. 106 (4 назв.)
|
| 463 |
|
0 |
|0 (RuTPU)RU\TPU\book\234449
|t Профессионал информационного общества: стратегия воспитания, образования, мировоззрения
|o сборник статей всероссийской научно-практической конференции, г. Томск, 27-29 февраля 2012 г.
|f Сибирский государственный медицинский университет (СибГМУ) ; Национальный исследовательский Томский политехнический университет (ТПУ) ; Профессиональное училище № 19 , Учебно-профессиональный центр социальной адаптации ; под ред. Н. В. Брюханцевой
|v С. 103-106
|d 2012
|p 144 с.
|
| 610 |
1 |
|
|a труды учёных ТПУ
|
| 700 |
|
1 |
|a Буланова
|b Т. В.
|c специалист в области организации высшего профессионального образования
|c ведущий эксперт Томского политехнического университета
|f 1963-
|g Татьяна Валентиновна
|3 (RuTPU)RU\TPU\pers\30364
|
| 701 |
|
1 |
|a Стародубцев
|b В. А.
|c физик
|c профессор Томского политехнического университета, доктор педагогических наук
|f 1943-
|g Вячеслав Алексеевич
|3 (RuTPU)RU\TPU\pers\26939
|
| 701 |
|
1 |
|a Шамина
|b О. Б.
|c специалист в области машиностроения
|c доцент Томского политехнического университета, кандидат технических наук
|c заместитель директора Издательства Томского политехнического университета
|f 1955-
|g Ольга Борисовна
|3 (RuTPU)RU\TPU\pers\27844
|4 070
|9 12879
|
| 801 |
|
1 |
|a RU
|b 63413507
|c 20140122
|
| 801 |
|
2 |
|a RU
|b 63413507
|c 20161114
|g RCR
|
| 942 |
|
|
|c BK
|